000 00329nam a22001457a 4500
003 ASAB
005 20180827062605.0
008 151231t xxu||||| |||| 00| 0 eng d
020 _a978-969-8893-06-4
040 _cASAB
100 _ashahzad ali khan
_91423
245 _acricket milestones
300 _a100
942 _2ddc
_cBK
999 _c479930
_d479930